Регионална библиотека "Любен Каравелов" - Русе

Черните пътища на Европа (Запис номер 84579)

MARC детайли
000 -Лидер
Контролно поле с фиксирана дължина 01508nam a2200325 c 4500
003 - Код на организацията, давaща контролен номер
Контролно поле BLK
005 - Дата и час на последна редакция
Контролно поле 20240606123111.0
008 - Елементи от данни с фиксирана дължина
fixed length control field 180408b bul|||||r ||||||| ||bul||
010 ## - Наследен системен номер
LC control number KNG00089165000
020 ## - Международен стандартен номер на книга ISBN
Международен стандартен номер на книга ISBN 978-954-92377-1-9
-- издат.: Стандарт нюз
040 ## - Източник на каталожния запис
Идентификатор на билиотеката - собственик на записа BLK
041 ## - Код за език
Код за езика на текст/звукозапис или на отделно заглавие Български
Код за езика КДБФ Български
080 ## - УДК
Текстов определител УДК Българска литература
УДК код - определител по УДК 821.163.2
УДК определител -31
УДК - код + определител 821.163.2-31
080 ## - УДК
Текстов определител УДК Емигранти. Прогонени. - Доброволни и принудени емигранти:бежанци, евакуирани, бегълци, дисиденти, депортирани и др
УДК код - определител по УДК 325.25
УДК определител (4=867)(0:82-4)
УДК - код + определител 325.25(4=867)(0:82-4)
100 1# - Редна дума - Автор
Автор Карбовски, Мартин
Авторска отговорност първи автор
Автор - информация (биография) Богданов, Мартин Кирилов
R(LIN) 77006
139 ## - Редно поле
Редна дума Карбовски, Мартин
Авторски знак Караю - К 38
245 10 - Сведения за заглавието
Заглавие Черните пътища на Европа
Подзаглавни данни Докум. роман
Редно поле (дума) Мартин Карбовски.
257 ## - Страна на издаване
Страна на създаване/издаване България
260 ## - Област на издателските данни
-- София
Име на издателя, разпространителя и проч. Стандарт нюз
Година на издаване 2009
Печатница София : ИПК Родина
300 ## - Физическа характеристика
Страници 160 с.
Размери/Мащаб 21 см
380 ## - Жанр
Жанр Худож. лит.
500 ## - Общи забележки
Забележка Мартин Карбовски - псевд. на Мартин Кирилов Богданов.
653 ## - Ключова дума – ненормативна
Ключова дума документални романи
852 ## - Местоположение
Форматна сигнатура Цб 243806
856 4# - Електронен адрес и достъп
Електронен формат pdf - файл
Път до файла /url/
856 4# - Електронен адрес и достъп
Електронен формат pdf - файл
Път до файла /url/
942 ## - АРТИКУЛИ
Вид на библиотечния материал Книги
Скрит в OPAC Не
Koha issues (borrowed), all copies 9
944 ## - СЪЗДАВАНЕ И РЕДАКЦИЯ на ЗАПИСА
Създаване/Редакция Създаване
Дата на регистрацията/редакция 24.04.2009
Статус, дата на статуса Цветомила Тодорова
Служител, извършил регистрацията/редакцията 30576
944 ## - СЪЗДАВАНЕ И РЕДАКЦИЯ на ЗАПИСА
Създаване/Редакция Редакция
Дата на регистрацията/редакция 13.06.2011
Статус, дата на статуса ф /
Служител, извършил регистрацията/редакцията
999 ## - СИСТЕМНИ КОНТРОЛНИ НОМЕРА
Koha biblionumber 84579
Koha biblioitemnumber 84579
Наличности
Код за отписване Код за изгубен артикул Код за повреда Коз за рестрикции Код за отдаване Артикулен № Име на библиотеката - собственик Име на библиотеката, в която се намира в момента Статус (Текущо местоположение) Дата на вписване в системата Местоположение - отдел Цена в лева Инвентарен номер Систематично азбучна сигнатура Баркод Номер на екземпляра Цена в евро Служебна бележка Служебен тип на артикула Източник на класификационната схема
  Не е изгубен Не е повреден без рестрикции заемане за дома 137271 Регионална библиотека "Любен Каравелов" Русе Регионална библиотека "Любен Каравелов" Русе Заемна - подръчен фонд 2009-04-24 Заемна - подръчен фонд 6.00 120000735296 П 886.7-31/К 38 120000735296 1 3.07 Дост: Pk Вид: Ф N: 39 Дата: 24.04.2009 Дата инв: 13.02.2018 Бележки инв: П2018 Книги  
  Не е изгубен Не е повреден без рестрикции ползва се в читалня 137272 Регионална библиотека "Любен Каравелов" Русе Регионална библиотека "Любен Каравелов" Русе Хранилище 2009-10-12 Хранилище 6.00 120000738948 Цб 243806 120000738948 2 3.07 Дост: Dp Вид: Д N: 17 Дата: 15.04.2009 Книги  
Изтеглен Не е изгубен Не е повреден без рестрикции заемане за дома 137273 Регионална библиотека "Любен Каравелов" Русе Регионална библиотека "Любен Каравелов" Русе Заемна - подръчен фонд 2011-05-27 Заемна - подръчен фонд 6.00 120000750903 П 886.7-31/К 38 120000750903 3 3.07 Дост: DA Вид: А N: 8 Дата: 27.05.2011 Дата инв: 13.02.2018 Бележки инв: П2018 Книги Universal Decimal Classification
  Не е изгубен Не е повреден без рестрикции заемане за дома 137274 Регионална библиотека "Любен Каравелов" Русе Регионална библиотека "Любен Каравелов" Русе Заемна - подръчен фонд 2011-05-27 Заемна - подръчен фонд 6.00 120000750904 П 886.7-31/К 38 120000750904 4 3.07 Дост: DA Вид: А N: 8 Дата: 27.05.2011 Дата инв: 13.02.2018 Бележки инв: П2018 Книги  
  Не е изгубен Не е повреден без рестрикции заемане за дома 137275 Регионална библиотека "Любен Каравелов" Русе Регионална библиотека "Любен Каравелов" Русе Заемна - подръчен фонд 2011-05-27 Заемна - подръчен фонд 6.00 120000750905 П 886.7-31/К 38 120000750905 5 3.07 Дост: DA Вид: А N: 8 Дата: 27.05.2011 Дата инв: 13.02.2018 Бележки инв: П2018 Книги  
  Не е изгубен Не е повреден без рестрикции заемане за дома 137276 Регионална библиотека "Любен Каравелов" Русе Регионална библиотека "Любен Каравелов" Русе Заемна - подръчен фонд 2011-05-27 Заемна - подръчен фонд 6.00 120000750906 П 886.7-31/К 38 120000750906 6 3.07 Дост: DA Вид: А N: 8 Дата: 27.05.2011 Дата инв: 13.02.2018 Бележки инв: П2018 Книги  
Vip Innovations Ltd, Rousse, Bulgaria 2025